[Event "GRE-chT U16 14th"]
[Site "Rio Achaia"]
[Date "2022.12.17"]
[Round "5"]
[White "Schetakis, Georgios"]
[Black "Karakasidis, Michail"]
[Result "0-1"]
[WhiteElo "1196"]
[BlackElo "1664"]
[PlyCount "56"]
[EventDate "2022.12.15"]
[EventType "team-swiss"]
[EventRounds "6"]
[EventCountry "GRE"]
[SourceTitle "EXT 2024"]
[Source "ChessBase"]
[SourceDate "2023.10.10"]
[SourceVersion "1"]
[SourceVersionDate "2023.10.10"]
[SourceQuality "1"]

1. c4 e6 2. Nc3 d5 3. cxd5 exd5 4. d4 Nf6 5. Bf4 Nbd7 6. Nb5 Bb4+ 7. Bd2 Bxd2+ 8. Qxd2 0-0 9. f3 Nb6 10. e3 Re8 11. 0-0-0 a6 12. Nc3 Be6 13. e4 dxe4 14. fxe4 Bc4 15. Bxc4 Nxc4 16. Qe2 b5 17. e5 Nd5 18. Nxd5 Qxd5 19. Nf3 a5 20. Qd3 a4 21. Rhf1 f6 22. exf6 Re3 23. Qc2 gxf6 24. Nh4 Qg5 25. Nf3 Rxf3+ 26. Kb1 Rxf1 27. Rxf1 Nd2+ 28. Ka1 Nxf1 0-1

[Event "GRE-chT2 48th"]
[Site "Thessaloniki"]
[Date "2021.10.05"]
[Round "1.1"]
[White "Karakasidis, Michail"]
[Black "Gerasopoulos, Nikolaos"]
[Result "1-0"]
[WhiteElo "1165"]
[BlackElo "1332"]
[PlyCount "63"]
[EventDate "2021.10.05"]
[EventType "team-swiss"]
[EventRounds "7"]
[EventCountry "GRE"]
[SourceTitle "CBM 204 Extra"]
[Source "ChessBase"]
[SourceDate "2021.11.30"]
[SourceVersion "1"]
[SourceVersionDate "2021.11.30"]
[SourceQuality "1"]
[WhiteTeam "Alexandroupolis Ethnikos"]
[BlackTeam "Thessaloniki ES"]
[WhiteTeamCountry "GRE"]
[BlackTeamCountry "GRE"]

1. e4 e6 2. d4 d5 3. Nd2 dxe4 4. Nxe4 Nd7 5. Nf3 Ngf6 6. Bd3 Be7 7. 0-0 0-0 8. c3 b6 9. Nxf6+ Nxf6 10. Re1 Bb7 11. Bg5 Nd5 12. Bxe7 Qxe7 13. Qc2 h6 14. Rad1 Rfd8 15. Ne5 c5 16. Bh7+ Kh8 17. Bg6 f5 18. Nf7+ Kg8 19. Nxd8 Rxd8 20. Bxf5 Nf4 21. Be4 Ba6 22. g3 Qg5 23. Qd2 Rf8 24. Bg2 Nxg2 25. Qxg5 Nxe1 26. Qe3 Nf3+ 27. Kg2 Ng5 28. f4 Bb7+ 29. d5 exd5 30. Qe7 Ba8 31. fxg5 d4+ 32. Kg1 1-0